[Event "Open FIDE de Pau"]
[Site "Pau"]
[Date "2007.??.??"]
[Round "2.1"]
[White "Forestie, Pierre"]
[Black "Bissieres, Matthieu"]
[Result "1/2-1/2"]
[WhiteElo "2024"]
[BlackElo "2254"]
[PlyCount "59"]

1.e4 d6 2.d4 Nf6 3.Nc3 g6 4.f3 Bg7 5.Be3 e5 6.dxe5 dxe5 7.Qxd8+ Kxd8 8.
O-O-O+ Nbd7 9.Bc4 Ke7 10.Nb5 Ne8 11.Ne2 a6 12.Nbc3 c6 13.Rd2 b5 14.Bb3 h5 
15.Rhd1 Bh6 16.Bxh6 Rxh6 17.h4 Nc5 18.Rd8 Bb7 19.R8d2 Rh8 20.Bxf7 b4 21.
Na4 Nxa4 22.Rd7+ Kf8 23.Bxe8 Nc5 24.Bxg6 Nxd7 25.Rxd7 Bc8 26.Rf7+ Kg8 27.
Rc7 Rh6 28.Be8 Be6 29.Bxc6 Rf8 30.Bd5 1/2-1/2

[Event "Open FIDE de Pau"]
[Site "Pau"]
[Date "2007.??.??"]
[Round "1.26"]
[White "Riviere, Frederic"]
[Black "Doyen, Remi"]
[Result "1-0"]
[WhiteElo "1848"]
[BlackElo "1220"]
[PlyCount "59"]

1.e4 c5 2.Nf3 d6 3.Nc3 Nf6 4.d4 cxd4 5.Nxd4 g6 6.Be2 Bg7 7.O-O O-O 8.Kh1 
Nc6 9.f4 Nd7 10.Be3 e6 11.Qd2 Re8 12.Rad1 Nf6 13.Nxc6 bxc6 14.Qxd6 Bd7 15.
Bc5 Qa5 16.Bb4 Qb6 17.e5 Bf8 18.Qd3 Bxb4 19.exf6 Rad8 20.Ne4 c5 21.Nd6 c4 
22.Nxc4 Qc5 23.Ne5 Bb5 24.Qxb5 Qxb5 25.Bxb5 Rxd1 26.Rxd1 Rb8 27.Nc6 Rxb5 
28.Rd8+ Bf8 29.Ne7+ Kh8 30.Rxf8# 1-0

[Event "Open FIDE de Pau"]
[Site "Pau"]
[Date "2007.??.??"]
[Round "1.25"]
[White "Vaquier, Albert"]
[Black "Rouqual, Guy"]
[Result "0-1"]
[WhiteElo "1440"]
[BlackElo "1850"]
[PlyCount "40"]

1.e4 c6 2.Nf3 d5 3.exd5 cxd5 4.d4 Nf6 5.Nc3 Bg4 6.h3 Bh5 7.g4 Bg6 8.Ne5 
Nc6 9.Nxg6 hxg6 10.Be3 e6 11.Qd2 Nxg4 12.Bg2 Nf6 13.O-O-O Bb4 14.a3 Be7 
15.Bf4 Qa5 16.Nb1 Qa6 17.c3 Na5 18.Qd3 Nb3+ 19.Kc2 Qa4 20.Qe2 Nxd4+ 0-1

[Event "Open FIDE de Pau"]
[Site "Pau"]
[Date "2007.??.??"]
[Round "1.6"]
[White "Lacroix, Romain"]
[Black "Dubertrand, Bernard"]
[Result "1-0"]
[WhiteElo "2170"]
[BlackElo "1723"]
[PlyCount "37"]

1.e4 e5 2.Nf3 Nc6 3.Bb5 d6 4.O-O Nf6 5.d4 Bd7 6.Nc3 exd4 7.Nxd4 Ne5 8.
Bxd7+ Qxd7 9.Bg5 Be7 10.Nf5 h6 11.Nxg7+ Kf8 12.Bxf6 Bxf6 13.Nf5 Ng6 14.Nd5
Bg5 15.f4 Bh4 16.Qd4 Qd8 17.Qg7+ Ke8 18.g3 c6 19.Nxh4 1-0

[Event "Open FIDE de Pau"]
[Site "Pau"]
[Date "2007.??.??"]
[Round "1.4"]
[White "Franca, Ricardo Bedin"]
[Black "Baumgartner, Georges"]
[Result "1-0"]
[WhiteElo "2215"]
[BlackElo "1750"]
[PlyCount "57"]

1.e4 e5 2.Nf3 Nc6 3.d4 d6 4.Bb5 Bd7 5.Nc3 Nf6 6.O-O Be7 7.Re1 O-O 8.Bxc6 
bxc6 9.dxe5 Nh5 10.exd6 cxd6 11.Be3 f5 12.exf5 Bxf5 13.Nd4 Bg6 14.Ne6 Qd7 
15.Nxf8 Rxf8 16.Ne2 c5 17.c3 Qb7 18.Qb3+ Qxb3 19.axb3 Ra8 20.Ng3 Nf6 21.
Bxc5 Kf7 22.Rxa7 Rxa7 23.Bxa7 d5 24.b4 h5 25.Bc5 Bd8 26.b5 h4 27.Ne2 Ne4 
28.Bd4 Bf5 29.Nf4 1-0

[Event "Open FIDE de Pau"]
[Site "Pau"]
[Date "2007.??.??"]
[Round "4.19"]
[White "Locatelli, Claude"]
[Black "Baumgartner, Georges"]
[Result "0-1"]
[WhiteElo "1571"]
[BlackElo "1750"]
[PlyCount "40"]

1.d4 Nf6 2.c4 g6 3.Nc3 Bg7 4.g3 O-O 5.Bg2 d6 6.Nf3 c6 7.O-O Na6 8.b3 Nc7 
9.Bb2 d5 10.Re1 Bf5 11.Nd2 Qd7 12.e4 Bh3 13.Bh1 dxc4 14.Nxc4 Nh5 15.d5 b5 
16.Nd2 Rad8 17.Qc2 f5 18.Rad1 f4 19.dxc6 Qg4 20.f3 Bd4+ 0-1

[Event "Open FIDE de Pau"]
[Site "Pau"]
[Date "2007.??.??"]
[Round "5.4"]
[White "Pailhe, Lionel"]
[Black "Lemoine, Benoit"]
[Result "1-0"]
[WhiteElo "2030"]
[BlackElo "2128"]
[PlyCount "79"]

1.e4 c5 2.Nf3 d6 3.d4 cxd4 4.Nxd4 Nf6 5.Nc3 g6 6.g3 Bg7 7.Bg2 O-O 8.O-O 
Bg4 9.Qd3 Qc8 10.Re1 Nbd7 11.h3 Ne5 12.Qf1 Bd7 13.Nd5 Nxd5 14.exd5 Nc4 15.
Nc6 bxc6 16.Qxc4 Re8 17.dxc6 Bxh3 18.Bf3 Be6 19.Qa4 d5 20.Bf4 a5 21.Rad1 
Ra6 22.c4 d4 23.Qb5 h5 24.c7 Bd7 25.Bb7 Bxb5 26.Bxc8 Bxc4 27.Bxa6 Bxa6 28.
Be5 d3 29.Bxg7 Kxg7 30.Re5 Rc8 31.Rxa5 Bb7 32.Rc5 Be4 33.b4 Kf6 34.f3 Bf5 
35.b5 Ra8 36.Rd2 Bc8 37.Rxd3 Rxa2 38.Rd8 Ra8 39.b6 Ke6 40.Rxc8 1-0

[Event "Open FIDE de Pau"]
[Site "Pau"]
[Date "2007.??.??"]
[Round "5.14"]
[White "Cruzel, Thierry"]
[Black "Marni-Sandid, Tarik"]
[Result "1-0"]
[WhiteElo "1904"]
[BlackElo "1602"]
[PlyCount "43"]

1.d4 Nf6 2.c4 c5 3.d5 d6 4.Nc3 g6 5.e4 Bg7 6.h3 a6 7.a4 Qb6 8.Nf3 O-O 9.
Bd3 Nfd7 10.O-O Ne5 11.Nxe5 Bxe5 12.a5 Qc7 13.Bh6 Re8 14.Qc2 Bd7 15.f4 
Bd4+ 16.Kh1 e6 17.f5 exf5 18.exf5 Qd8 19.fxg6 hxg6 20.Bxg6 fxg6 21.Qxg6+ 
Kh8 22.Rf7 1-0

[Event "Open FIDE de Pau"]
[Site "Pau"]
[Date "2007.??.??"]
[Round "4.8"]
[White "Martinet, Regis"]
[Black "Garrel, Pascal"]
[Result "1/2-1/2"]
[WhiteElo "2067"]
[BlackElo "1772"]
[PlyCount "72"]

1.e4 c5 2.Nf3 d6 3.d4 cxd4 4.Nxd4 Nf6 5.Nc3 a6 6.Bg5 e6 7.f4 Be7 8.Qf3 
Nbd7 9.O-O-O Qc7 10.g4 Rb8 11.Bxf6 Nxf6 12.g5 Nd7 13.h4 b5 14.Bh3 b4 15.
Nce2 Nc5 16.f5 e5 17.f6 exd4 18.fxe7 Bxh3 19.Rxh3 d3 20.Nd4 dxc2 21.Rf1 
Qxe7 22.Nc6 Qe6 23.b3 Rb7 24.h5 O-O 25.g6 h6 26.Rh4 Re8 27.Nd4 Qe7 28.
gxf7+ Qxf7 29.Rf4 Qe7 30.Nf5 Qe5 31.Kxc2 Nxe4 32.Nxh6+ gxh6 33.Rf8+ Rxf8 
34.Qxf8+ Kh7 35.Rf7+ Rxf7 36.Qxf7+ Kh8 1/2-1/2

[Event "Coupe France-Condom/Agen"]
[Site "Colomiers"]
[Date "2007.01.07"]
[Round "3"]
[White "Beaurain, Jerome"]
[Black "Gillis, Stephane"]
[Result "1-0"]
[WhiteElo "2098"]
[BlackElo "1900"]
[EventDate "2007.??.??"]
[PlyCount "47"]

1.d4 d5 2.Nf3 Nf6 3.c3 Bf5 4.Bg5 Nbd7 5.e3 e6 6.Bd3 Bxd3 7.Qxd3 Be7 8.Nbd2
c5 9.e4 cxd4 10.Nxd4 h6 11.Bxf6 Nxf6 12.e5 Nd7 13.f4 Qb6 14.O-O Rc8 15.Kh1
Qxb2 16.Rfb1 Rxc3 17.Qe2 Qa3 18.Nb5 Re3 19.Qf2 Qc5 20.Rc1 Rc3 21.Qf1 Rc2 
22.Nb3 Rxc1 23.Rxc1 Qb6 24.Nd6+ 1-0

[Event "N4 - Loures-Barousse / Foix"]
[Site "?"]
[Date "2007.01.21"]
[Round "4"]
[White "Szitas, Gabor"]
[Black "Evrard, Emmanuel"]
[Result "1/2-1/2"]
[WhiteElo "2202"]
[BlackElo "1750"]
[EventDate "2007.01.23"]
[PlyCount "182"]

1.e4 e5 2.Nf3 Nc6 3.Bc4 Nf6 4.Ng5 d5 5.exd5 Na5 6.Bb5+ Bd7 7.Qe2 Bxb5 8.
Qxb5+ c6 9.dxc6 bxc6 10.Qxe5+ Be7 11.O-O O-O 12.d3 Nd5 13.Qg3 Nb7 14.Bd2 
Kh8 15.Nc3 Nxc3 16.bxc3 h6 17.Rab1 Qd7 18.Qh3 Qc7 19.Rfe1 Nc5 20.Rb4 Rae8 
21.Ne4 Ne6 22.Rc4 Bg5 23.Nxg5 Nxg5 24.Qh4 Rxe1+ 25.Bxe1 Re8 26.f4 Qb6+ 27.
Kf1 Nh7 28.Qf2 Qb1 29.a4 f5 30.Rc5 Nf6 31.Re5 Rxe5 32.fxe5 Ng4 33.Qe2 
Nxh2+ 34.Kg1 Ng4 35.e6 Qb6+ 36.d4 Qc7 37.g3 Qe7 38.c4 Kg8 39.Bb4 Qxb4 40.
e7 Nf6 41.e8=Q+ Nxe8 42.Qxe8+ Kh7 43.Qe6 Qxa4 44.Qxf5+ Kh8 45.Qd3 a5 46.d5
cxd5 47.cxd5 Qd7 48.d6 a4 49.c4 Qa7+ 50.Kg2 Qb7+ 51.Qd5 Qd7 52.c5 Qb5 53.
d7 Qe2+ 54.Kh3 Qf1+ 55.Kh2 Qe2+ 56.Qg2 Qh5+ 57.Qh3 Qe2+ 58.Qg2 Qh5+ 59.Kg1
Qd1+ 60.Qf1 Qxd7 61.Qc4 Qa7 62.Kh2 a3 63.c6 a2 64.c7 Qf2+ 65.Kh3 Qf5+ 66.
Kh4 g5+ 67.Kh5 Kh7 68.c8=Q Qg6+ 69.Kg4 a1=Q 70.Q4c7+ Qgg7 71.Qf5+ Kh8 72.
Qd8+ Qg8 73.Qxg8+ Kxg8 74.Qg6+ Qg7 75.Kh5 g4 76.Qxh6 Qxh6+ 77.Kxh6 Kf8 78.
Kg6 Kg8 79.Kf6 Kh8 80.Ke7 Kg7 81.Ke6 Kg6 82.Ke5 Kg5 83.Ke4 Kg6 84.Ke3 Kg5 
85.Kd4 Kf6 86.Ke4 Ke6 87.Kf4 Kf6 88.Kxg4 Kg6 89.Kf4 Kf6 90.Ke4 Kg5 91.Kd5 
Kf5 1/2-1/2

[Event "N4 - Loures-Barousse / Foix"]
[Site "?"]
[Date "2007.01.21"]
[Round "4"]
[White "Ponsolle, René"]
[Black "Portet, Benoit"]
[Result "1-0"]
[WhiteElo "1530"]
[BlackElo "1480"]
[EventDate "2007.01.23"]
[PlyCount "93"]

1.e4 e6 2.d4 d5 3.Nd2 c5 4.exd5 exd5 5.Ngf3 Qb6 6.c3 Nc6 7.Qb3 Qxb3 8.Nxb3
c4 9.Nbd2 Bd6 10.Be2 Nf6 11.h3 O-O 12.O-O Re8 13.Bd1 Bf5 14.Ba4 Re7 15.Re1
Rxe1+ 16.Nxe1 Re8 17.Ndf3 Re6 18.Be3 Ne7 19.Ng5 Ba3 20.Nxe6 Bxb2 21.Rd1 
fxe6 22.Bc2 Bxc3 23.g4 Bxc2 24.Nxc2 Ne4 25.f3 Nd6 26.Bd2 Nb5 27.Bxc3 Nxc3 
28.Ra1 Nc6 29.Kf2 Kf7 30.a4 Na5 31.Ra3 Nb3 32.Na1 Nxa1 33.Rxa1 b5 34.axb5 
Nxb5 35.Ke3 Kf6 36.Ra5 c3 37.Rxb5 Kg5 38.Rc5 Kh4 39.Rxc3 Kxh3 40.Ra3 g6 
41.Rxa7 h5 42.Rg7 hxg4 43.fxg4 Kxg4 44.Rxg6+ Kf5 45.Rg2 Kf6 46.Kf4 Ke7 47.
Ke5 1-0

[Event "N4 - Loures-Barousse / Foix"]
[Site "?"]
[Date "2007.01.21"]
[Round "4"]
[White "Masot, Liberto"]
[Black "Osete, José"]
[Result "0-1"]
[WhiteElo "1728"]
[BlackElo "2037"]
[EventDate "2007.01.23"]
[PlyCount "68"]

1.e4 c5 2.Nc3 e6 3.Bc4 Nc6 4.f4 a6 5.a4 b6 6.Nf3 Nge7 7.Ba2 Bb7 8.f5 Nb4 
9.fxe6 dxe6 10.Bc4 Ng6 11.O-O Be7 12.d3 O-O 13.Ne2 Nc6 14.Nf4 Nce5 15.Nxg6
Nxg6 16.Be3 Bc6 17.Qd2 Qd7 18.Bb3 Rad8 19.Rfd1 Qc7 20.Qf2 Rd7 21.Ne1 Rfd8 
22.g3 Bxe4 23.Rd2 Bd5 24.c4 Bb7 25.Rad1 Qc6 26.Kf1 Ne5 27.Ke2 Ng4 28.Qg1 
h6 29.h4 Bf6 30.Qf1 Nxe3 31.Kxe3 Bd4+ 32.Ke2 Qd6 33.Rc1 Qxg3 34.Kd1 Be3 
0-1

[Event "N4 - Loures-Barousse / Foix"]
[Site "?"]
[Date "2007.01.21"]
[Round "4"]
[White "Luneau, Gilles"]
[Black "Pfeifer, Andréas"]
[Result "0-1"]
[WhiteElo "1903"]
[BlackElo "2130"]
[EventDate "2007.01.23"]
[PlyCount "64"]

1.c4 e5 2.g3 Nf6 3.Bg2 c6 4.d4 exd4 5.Qxd4 d5 6.Nf3 Be7 7.cxd5 cxd5 8.O-O 
Nc6 9.Qa4 O-O 10.Bg5 Qb6 11.Qb3 Qa6 12.e3 h6 13.Bxf6 Bxf6 14.Nc3 Be6 15.
Nxd5 Bxd5 16.Qxd5 Bxb2 17.Rab1 Nb4 18.Qb3 Ba3 19.Ne5 Rad8 20.Rfd1 Rxd1+ 
21.Rxd1 Qe2 22.Bf3 Qxa2 23.Qxa2 Nxa2 24.Nd7 Rc8 25.Kg2 b5 26.Bb7 Rc7 27.
Be4 Nc3 28.Nf6+ gxf6 29.Rd8+ Kg7 30.Bf3 a5 31.Ra8 a4 32.Rd8 Bb2 0-1

[Event "N4 - Loures-Barousse / Foix"]
[Site "?"]
[Date "2007.01.21"]
[Round "4"]
[White "Lelong, Adelin"]
[Black "Camps, Guillaume"]
[Result "1-0"]
[WhiteElo "1540"]
[BlackElo "1220"]
[EventDate "2007.01.23"]
[PlyCount "83"]

1.e4 e5 2.Nf3 Nc6 3.c3 Bc5 4.d4 exd4 5.cxd4 Bb4+ 6.Nc3 d5 7.e5 f6 8.Bb5 
Bd7 9.Qb3 Bxc3+ 10.bxc3 Nge7 11.O-O O-O 12.Re1 Be8 13.Ba3 a6 14.Bxc6 Bxc6 
15.exf6 Rf7 16.fxe7 Qe8 17.Ne5 Rf6 18.Nxc6 Qxc6 19.e8=Q+ Rxe8 20.Rxe8+ 
Qxe8 21.Qxd5+ Re6 22.g3 Kh8 23.Qxb7 h6 24.Qxc7 Re1+ 25.Rxe1 Qxe1+ 26.Kg2 
Qe4+ 27.Kf1 Qd3+ 28.Kg2 Qe4+ 29.f3 Qe2+ 30.Kh3 Qf1+ 31.Kg4 Qb1 32.Qc8+ Kh7
33.Qf5+ Qxf5+ 34.Kxf5 Kg8 35.Ke6 g6 36.d5 Kg7 37.d6 Kf8 38.d7+ Kg7 39.d8=Q
g5 40.Bf8+ Kg6 41.Qf6+ Kh5 42.Qxh6# 1-0

[Event "N4 - Loures-Barousse / Foix"]
[Site "?"]
[Date "2007.01.21"]
[Round "4"]
[White "Knecht, Alain"]
[Black "Lanllier, Bruno"]
[Result "1-0"]
[WhiteElo "2280"]
[BlackElo "1910"]
[EventDate "2007.01.23"]
[PlyCount "79"]

1.e4 d6 2.d4 Nf6 3.Nc3 g6 4.Nf3 Bg7 5.Bg5 c6 6.Qd2 O-O 7.Be2 b5 8.a3 a6 9.
Rd1 Qc7 10.h3 Nbd7 11.O-O Bb7 12.b4 Rfd8 13.Qf4 Nf8 14.Qh4 Ne6 15.Be3 c5 
16.bxc5 dxc5 17.d5 Nf8 18.Nb1 c4 19.Bd4 Nh5 20.Bxg7 Kxg7 21.Nd4 Nf6 22.Bf3
Rac8 23.g3 h6 24.Bg2 {Zeitnot} 24...e5 $1 25.f4 
    ( 25.dxe6 Rxd4 26.Rxd4 g5 )
    ( 25.Nf3 g5 26.Nxg5 Ng6 )
25...exd4 26.Rxd4 Qc5 27.c3 a5 28.Kh1 b4 29.axb4 axb4 30.Rfd1 bxc3 31.Nxc3
Qa5 32.e5 Ne8 33.Rc1 Ne6 34.Rdd1 Nc5 35.f5 Nd3 36.fxg6 f6 37.Rf1 Rd7 38.
exf6+ Kf8 39.Qxh6+ Kg8 40.f7+ 1-0

[Event "N4 - Loures-Barousse / Foix"]
[Site "?"]
[Date "2007.01.21"]
[Round "4"]
[White "Ferreira, Georges"]
[Black "Oriot, Patrice"]
[Result "0-1"]
[WhiteElo "1740"]
[BlackElo "2180"]
[EventDate "2007.01.23"]
[PlyCount "40"]

1.e4 c6 2.d4 d5 3.Nc3 dxe4 4.Nxe4 Nf6 5.Nxf6+ gxf6 6.Nf3 Bf5 7.Bd3 e6 8.c3
Bg6 9.Nh4 Qc7 10.f4 Bxd3 11.Qxd3 Nd7 12.Nf3 O-O-O 13.Qc2 Bd6 14.g3 c5 15.
Be3 Qc6 16.Kf2 h5 17.Rad1 Nb6 18.dxc5 Bxc5 19.Nd4 Bxd4 20.Bxd4 Rxd4 0-1

[Event "N4 - Loures-Barousse / Foix"]
[Site "?"]
[Date "2007.01.21"]
[Round "4"]
[White "Bricard, Hervé"]
[Black "Carinola, Marco"]
[Result "1-0"]
[WhiteElo "2066"]
[BlackElo "1630"]
[EventDate "2007.01.23"]
[PlyCount "101"]

1.e4 e5 2.Nc3 Nf6 3.g3 Bb4 4.Bg2 d6 5.Nge2 Bg4 6.f3 Be6 7.O-O Qc8 8.Kh1 
Nc6 9.a3 Ba5 10.b4 Bb6 11.Na4 O-O 12.Bb2 Qd7 13.Nxb6 axb6 14.d3 Bh3 15.c4 
Bxg2+ 16.Kxg2 Nh5 17.g4 Nf6 18.Ng3 Ne7 19.d4 Ng6 20.Kh1 Qc6 21.Rc1 Rfd8 
22.Rf2 Nf4 23.Rd2 Qe8 24.d5 h6 25.h4 Nd7 26.Rh2 g6 27.Ne2 Nxe2 28.Qxe2 Qe7
29.Qe3 Kg7 30.f4 f6 31.f5 g5 32.Kg2 Rh8 33.Rch1 Rag8 34.Kf3 Nf8 35.hxg5 
hxg5 36.Qg1 Nh7 37.Rh6 Kf8 38.Qh2 Rg7 39.Rg6 Qf7 40.Rh6 Ke7 41.Rc1 Qe8 42.
Qc2 Rf8 43.c5 bxc5 44.bxc5 Rff7 45.cxd6+ cxd6 46.Bxe5 dxe5 47.Qc5+ Kd8 48.
Qc8+ Ke7 49.Qe6+ Kf8 50.Rc8 Qxc8 51.Qxc8+ 1-0

[Event "N4, R4, ET -Ramonville (6)"]
[Site "?"]
[Date "2007.01.21"]
[Round "4.6"]
[White "Jarlaud, Levi"]
[Black "Steffens, David"]
[Result "0-1"]
[WhiteElo "1680"]
[BlackElo "1780"]
[EventDate "2007.01.22"]
[PlyCount "38"]

1.d4 d5 2.c4 c6 3.Nf3 Nf6 4.Nc3 dxc4 5.a4 Bf5 6.Ne5 Nbd7 7.Nxc4 e6 8.f3 
Bb4 9.e4 Nxe4 10.fxe4 Qh4+ 11.Kd2 Qf2+ 12.Kd3 Rd8 13.Nd6+ Bxd6 14.exf5 
Ne5+ 15.dxe5 Bxe5+ 16.Ke4 Qxf5+ 17.Ke3 Qf4+ 18.Ke2 Qg4+ 19.Ke1 Bxc3+ 0-1

[Event "N4, R4, ET -Ramonville (5)"]
[Site "?"]
[Date "2007.01.21"]
[Round "?"]
[White "Daragon, Bruno"]
[Black "Iwanesko, Alexandre"]
[Result "0-1"]
[WhiteElo "1770"]
[BlackElo "1842"]
[EventDate "2007.01.22"]
[PlyCount "78"]

1.c4 Nf6 2.Nc3 g6 3.e4 d6 4.d4 Bg7 5.Be2 O-O 6.Bg5 Na6 7.f4 c5 8.d5 Qa5 9.
Qd2 e6 10.Nf3 exd5 11.cxd5 Re8 12.e5 dxe5 13.Nxe5 Ng4 14.Nc4 Qc7 15.h3 Nf6
16.O-O Bd7 17.d6 Qc8 18.Ne5 Be6 19.Bxf6 Bxf6 20.Ne4 Bg7 21.Rac1 Rd8 22.
Bxa6 bxa6 23.Rxc5 Qb7 24.Ng5 Qb6 25.Nxe6 fxe6 26.Qf2 Rxd6 27.Rfc1 Rad8 28.
R1c2 Rd1+ 29.Kh2 Qd6 30.Rc6 Qd5 31.R2c5 Qe4 32.Rxe6 Bh6 33.Rc4 Qf5 34.Re7 
Rf8 35.g3 Bg5 36.Rxa7 Qxe5 37.Qc2 Qe1 38.Rg7+ Kxg7 39.Rc7+ Kh8 0-1

[Event "N4, R4, ET -Ramonville (4)"]
[Site "?"]
[Date "2007.01.21"]
[Round "4.4"]
[White "Rouveret, Philippe"]
[Black "Robichon, Franck"]
[Result "1/2-1/2"]
[WhiteElo "1830"]
[BlackElo "1970"]
[EventDate "2007.01.22"]
[PlyCount "37"]

1.d4 d5 2.Nc3 Bf5 3.Bg5 Nf6 4.e3 Nbd7 5.Bd3 Bxd3 6.cxd3 c5 7.dxc5 Nxc5 8.
Bxf6 gxf6 9.d4 Na6 10.Qa4+ Qd7 11.Qxd7+ Kxd7 12.Nxd5 Rc8 13.a3 Rc2 14.Rb1 
e5 15.dxe5 fxe5 16.Ne2 Ke6 17.Ndf4+ Kf6 18.Nd5+ Ke6 19.Nec3 1/2-1/2

[Event "N4, R4, ET -Ramonville (3)"]
[Site "?"]
[Date "2007.01.21"]
[Round "4.3"]
[White "Sakri, Abdelhak"]
[Black "Tourenne, Dominique"]
[Result "1-0"]
[WhiteElo "1962"]
[BlackElo "1830"]
[EventDate "2007.01.22"]
[PlyCount "31"]

1.d4 Nf6 2.c4 c5 3.d5 e6 4.Nc3 exd5 5.cxd5 d6 6.e4 g6 7.Nf3 Bg7 8.Bb5+ Bd7
9.Bf4 Bxb5 10.Nxb5 Nxe4 11.O-O O-O 12.Re1 a6 13.Rxe4 axb5 14.Qe2 Re8 15.
Rxe8+ Qxe8 16.Qxe8+ 1-0

[Event "N4, R4, ET -Ramonville (2)"]
[Site "?"]
[Date "2007.01.21"]
[Round "4.2"]
[White "Galby, Vassili"]
[Black "Jung, Pascal"]
[Result "0-1"]
[WhiteElo "1951"]
[BlackElo "2027"]
[EventDate "2007.01.22"]
[PlyCount "82"]

1.Nf3 Nf6 2.c4 e6 3.Nc3 d5 4.d4 Bb4 5.a3 Bxc3+ 6.bxc3 c5 7.e3 Nc6 8.Bd3 
O-O 9.O-O Qc7 10.Qc2 Re8 11.Bb2 h6 12.Rfd1 dxc4 13.Bxc4 Na5 14.Bd3 c4 15.
Bf1 b6 16.e4 Bb7 17.Re1 Qf4 18.e5 Be4 19.Qd2 Qg4 20.h3 Qg6 21.Nh4 Nb3 22.
Qf4 Qg5 23.Qxg5 hxg5 24.exf6 Bd5 25.Nf3 Nxa1 26.Rxa1 gxf6 27.a4 a6 28.Be2 
b5 29.a5 Kg7 30.Nd2 e5 31.Bf3 e4 32.Be2 f5 33.g4 f4 34.Bf1 e3 35.fxe3 fxe3
36.Rd1 e2 37.Re1 exf1=Q+ 38.Rxf1 Re2 39.Rf2 Re1+ 40.Kh2 Rae8 41.Nf3 Bxf3 
0-1

[Event "N4, R4, ET -Ramonville (1)"]
[Site "?"]
[Date "2007.01.21"]
[Round "4.1"]
[White "Daloz, Jean-Michel"]
[Black "Guillory, Gabriel"]
[Result "1-0"]
[WhiteElo "2170"]
[BlackElo "1990"]
[EventDate "2007.01.22"]
[PlyCount "79"]

1.d4 Nf6 2.c4 g6 3.Nc3 Bg7 4.Nf3 O-O 5.Bg5 d6 6.e3 Bg4 7.Be2 Nbd7 8.h3 
Bxf3 9.Bxf3 c5 10.O-O Rb8 11.Qd2 Qa5 12.Rfd1 Qb4 13.Nd5 Nxd5 14.cxd5 Qxd2 
15.Rxd2 f6 16.Bh4 g5 17.Bg3 c4 18.e4 f5 19.exf5 Nf6 20.a4 Rfc8 21.Rc2 Nd7 
22.f6 Bxf6 23.Bg4 Rc7 24.Bxd7 Rxd7 25.Rxc4 b5 26.Rb4 Rdb7 27.a5 Rc7 28.a6 
Rc4 29.Raa4 Rbc8 30.Rxc4 Rxc4 31.Rxc4 bxc4 32.f3 Kf8 33.Be1 Ke8 34.Bc3 Kd7
35.Kf2 e6 36.dxe6+ Kxe6 37.d5+ Ke7 38.Ke3 Bxc3 39.bxc3 Kd7 40.g3 1-0

[Event "N4, R4, ET -Ramonville"]
[Site "?"]
[Date "2007.01.21"]
[Round "4.7"]
[White "Gongassian, Michel"]
[Black "Jacob, Rajna"]
[Result "0-1"]
[WhiteElo "1670"]
[BlackElo "1470"]
[EventDate "2007.01.22"]
[PlyCount "112"]

1.d4 d5 2.Nf3 Nf6 3.c4 c6 4.Bg5 Bf5 5.Nbd2 Nbd7 6.e3 g6 7.Qa4 Qb6 8.Bxf6 
Nxf6 9.Be2 Qxb2 10.O-O Qb6 11.cxd5 Nxd5 12.Qc4 Bg7 13.e4 Nf4 14.exf5 Bxd4 
15.Qxd4 Nxe2+ 16.Kh1 Nxd4 17.fxg6 hxg6 18.Rab1 Qc7 19.h3 Nxf3 20.Nxf3 f6 
21.Nd4 c5 22.Nb5 Qc6 23.Kg1 f5 24.Rfe1 f4 25.a4 f3 26.gxf3 Rxh3 27.Re4 
Rxf3 28.Rbe1 a6 29.Rxe7+ Kf8 30.Nc7 Qxa4 31.R7e4 Qxe4 32.Rxe4 Rc8 33.Ne6+ 
Kg8 34.Ng5 Rcf8 35.Nxf3 Rxf3 36.Re7 Rb3 37.Rc7 b6 38.Kf1 a5 39.Rc6 Kf7 40.
Ke1 a4 41.Kd1 Ke7 42.Rxg6 b5 43.Rg3 Rxg3 44.fxg3 Kf6 45.Kd2 Kg5 46.Kd3 b4 
47.Kc4 a3 48.Kb3 c4+ 49.Ka2 Kg4 50.Ka1 b3 51.Kb1 c3 52.Ka1 Kxg3 53.Kb1 c2+
54.Kc1 a2 55.Kb2 a1=Q+ 56.Kxa1 c1=Q# 0-1

[Event "R1 - Tournefeuille / Tarbes"]
[Site "Tournefeuille"]
[Date "2007.01.21"]
[Round "4"]
[White "Pinault, Ronan"]
[Black "Martinez, Benito"]
[Result "1-0"]
[WhiteElo "1760"]
[BlackElo "1810"]
[EventDate "2007.??.??"]
[PlyCount "65"]

1.d4 d5 2.Nf3 Nc6 3.c4 Nf6 4.cxd5 Qxd5 5.Nc3 Qd8 6.e3 e6 7.Bd3 Bb4 8.O-O 
Bxc3 9.bxc3 O-O 10.a4 a6 11.Ba3 Re8 12.Nd2 e5 13.Qc2 g6 14.Rab1 Kg7 15.Ne4
Ng4 16.Nc5 b6 17.Be4 Qd6 18.Nd3 Qf6 19.h3 exd4 20.Bxc6 Qxc6 21.hxg4 dxe3 
22.fxe3 Bxg4 23.Bb2 Qe4 24.Qf2 Qe6 25.c4+ Kg8 26.Ne5 Bf5 27.Rbe1 f6 28.e4 
fxe5 29.exf5 gxf5 30.Bxe5 Re7 31.Bb2 Qd6 32.Rxe7 Qxe7 33.Qg3+ 1-0

[Event "R1 - Tournefeuille / Tarbes"]
[Site "Tournefeuille"]
[Date "2007.01.21"]
[Round "4"]
[White "Moisselin-Stoll, Simon"]
[Black "Aznar, Georges"]
[Result "1-0"]
[WhiteElo "1390"]
[BlackElo "1500"]
[EventDate "2007.??.??"]
[PlyCount "121"]

1.e4 e5 2.Nf3 Nc6 3.Nc3 Nf6 4.Bc4 h6 5.O-O d6 6.d3 Bg4 7.Re1 Nd4 8.Be3 
Nxf3+ 9.gxf3 Bh5 10.d4 exd4 11.Bxd4 Be7 12.Nd5 O-O 13.Nxe7+ Qxe7 14.e5 Ne8
15.e6 Qg5+ 16.Kh1 fxe6 17.Bxe6+ Kh8 18.Bg4 Nf6 19.Rg1 Nxg4 20.fxg4 Qd5+ 
21.Rg2 Bf7 22.Qd2 Kh7 23.g5 h5 24.Qd3+ Bg6 25.Qc3 Be4 26.Rg1 Rf7 27.f3 
Bxf3 28.g6+ Kg8 29.gxf7+ Qxf7 30.Bxg7 Bxg2+ 31.Rxg2 Qf1+ 32.Rg1 Qe2 33.
Bh6+ Kf7 34.Qg7+ Ke6 35.Qg6+ Kd7 36.Qf7+ Kc6 37.Rf1 Rh8 38.Bg5 Rg8 39.h4 
Re8 40.Qf3+ d5 41.Qc3+ Qc4 42.Rf6+ Kb5 43.Qxc4+ Kxc4 44.Rf4+ Re4 45.Kg2 
Kd4 46.Kf3 Ke5 47.Bf6+ Ke6 48.Bd4 c6 49.Rxe4+ dxe4+ 50.Kxe4 b6 51.c4 c5 
52.Bc3 a6 53.a4 Kd6 54.Kf5 Kc6 55.Kg5 b5 56.axb5+ axb5 57.cxb5+ Kxb5 58.
Kxh5 Kc6 59.Kg6 Kd7 60.Kg7 Ke6 61.h5 1-0

[Event "R1 - Tournefeuille / Tarbes"]
[Site "Tournefeuille"]
[Date "2007.01.21"]
[Round "4"]
[White "Le Keguelin, Thierry"]
[Black "Pinault, Mailys"]
[Result "1-0"]
[WhiteElo "1499"]
[BlackElo "1460"]
[EventDate "2007.??.??"]
[PlyCount "65"]

1.e4 e5 2.Nf3 Nc6 3.Bc4 Bc5 4.O-O Nf6 5.d3 O-O 6.Re1 d6 7.h3 Re8 8.c3 h6 
9.d4 exd4 10.cxd4 Bb4 11.Nc3 Bxc3 12.bxc3 Nxe4 13.Qb3 Qf6 14.Be2 Qg6 15.
Nh4 Qf6 16.Nf3 Ne5 17.Qb5 Nc6 18.Bb2 a6 19.Qb3 Qg6 20.Nh4 Qg5 21.Nf3 Qg6 
22.Nh4 Qf6 23.Nf3 Qf5 24.c4 Qa5 25.Bd3 Nf6 26.Rxe8+ Nxe8 27.d5 Na7 28.Re1 
Nf6 29.Bxf6 gxf6 30.Re8+ Kg7 31.Bc2 Qc5 32.Nh4 b5 33.Qg3+ 1-0

[Event "R1 - Tournefeuille / Tarbes"]
[Site "Tournefeuille"]
[Date "2007.01.21"]
[Round "4"]
[White "Grimal, Richard"]
[Black "Moruzzi, Gerard"]
[Result "1/2-1/2"]
[WhiteElo "1610"]
[BlackElo "1499"]
[EventDate "2007.??.??"]
[PlyCount "117"]

1.e4 e5 2.Nf3 Nc6 3.Bb5 d6 4.d4 Bd7 5.dxe5 dxe5 6.O-O Be7 7.Nbd2 Nf6 8.
Bxc6 Bxc6 9.Nxe5 Bxe4 10.Re1 Bg6 11.Qe2 Bxc2 12.Qb5+ c6 13.Qxb7 O-O 14.
Nxc6 Qb6 15.Nxe7+ Kh8 16.Qxb6 axb6 17.Nf3 Rfe8 18.Ng5 Bg6 19.Nxg6+ fxg6 
20.Be3 Nd5 21.a3 Kg8 22.Bd4 h6 23.Nf3 b5 24.Rac1 Nf4 25.Rxe8+ Rxe8 26.Re1 
Rxe1+ 27.Nxe1 Ne2+ 28.Kf1 Nxd4 29.Nd3 Kf7 30.Ke1 g5 31.Kd2 Ke6 32.Kc3 Kd5 
33.Kb4 Kc6 34.Nc1 Kb6 35.Kc3 Nc6 36.Nb3 Ne5 37.f3 Nc4 38.Nd2 Ne3 39.g3 
Nd1+ 40.Kb3 Kc6 41.Ne4 Ne3 42.Kc3 Nd1+ 43.Kc2 Ne3+ 44.Kd3 Nc4 45.Kc3 Ne5 
46.f4 gxf4 47.gxf4 Nf3 48.h3 Ng1 49.Kb4 Nxh3 50.f5 Nf4 51.f6 Nd5+ 52.Kb3 
gxf6 53.Ng3 Ne3 54.Kc3 Ng4 55.b3 Ne5 56.a4 bxa4 57.bxa4 Kb6 58.Kd4 Ka5 59.
Ke4 1/2-1/2

[Event "R1 - Tournefeuille / Tarbes"]
[Site "Tournefeuille"]
[Date "2007.01.21"]
[Round "4"]
[White "Egea, Claude"]
[Black "Labarthe, Francois"]
[Result "1/2-1/2"]
[WhiteElo "1650"]
[BlackElo "1720"]
[EventDate "2007.??.??"]
[PlyCount "97"]

1.d4 Nf6 2.Nf3 g6 3.c4 Bg7 4.Nc3 O-O 5.e4 d6 6.Be2 Nc6 7.O-O e5 8.d5 Ne7 
9.Bg5 Ne8 10.Qd2 f5 11.exf5 gxf5 12.Ne1 Nf6 13.f3 Ng6 14.Bxf6 Qxf6 15.Kh1 
Nf4 16.Rg1 Kh8 17.Nd3 Bh6 18.Qe1 Rg8 19.Nxf4 Bxf4 20.g3 Be3 21.Rg2 f4 22.
Ne4 Qg6 23.g4 Bf5 24.Bd3 Rg7 25.h4 h5 26.g5 c6 27.Qe2 cxd5 28.cxd5 Rc8 29.
Rd1 Rgc7 30.Nc3 a6 31.Bxf5 Qxf5 32.Kh2 Rxc3 33.bxc3 Rxc3 34.Qb2 Qc8 35.Qb1
Kg7 36.Rf1 b5 37.Rb2 Bc1 38.Re2 Be3 39.Rb2 Rc4 40.Re1 e4 41.Qd1 Bc1 42.Rg2
e3 43.Qd3 Qe8 44.Rc2 Rxc2+ 45.Qxc2 Bd2 46.Re2 Qe5 47.Qc7+ Kg6 48.Qc2+ Qf5 
49.Rxd2 1/2-1/2